Obce - okres Humenné - Statistics

General Stats
  • This quiz has been taken 20 times
  • The average score is 39 of 62
Answers on the Map
Answers color-coded by a green-red scale on the quiz's map according to % correct below.
 
Answer Stats
Answer % Correct
Brekov
100%
Humenné
100%
Jasenov
100%
Kochanovce
100%
Kamenica nad Cirochou
89%
Košarovce
89%
Ľubiša
89%
Valaškovce
89%
Veľopolie
89%
Adidovce
78%
Hažín nad Cirochou
78%
Kamienka
78%
Koškovce
78%
Lackovce
78%
Nižná Sitnica
78%
Pakostov
78%
Ruská Kajňa
78%
Ruská Poruba
78%
Vyšná Sitnica
78%
Závadka
78%
Brestov
67%
Gruzovce
67%
Hankovce
67%
Jankovce
67%
Myslina
67%
Nižné Ladičkovce
67%
Ptičie
67%
Topoľovka
67%
Udavské
67%
Závada
67%
Dedačov
56%
Hrabovec nad Laborcom
56%
Hrubov
56%
Hudcovce
56%
Lieskovec
56%
Lukačovce
56%
Ohradzany
56%
Papín
56%
Prituľany
56%
Rohožník
56%
Rovné
56%
Sopkovce
56%
Víťazovce
56%
Vyšné Ladičkovce
56%
Vyšný Hrušov
56%
Zbudské Dlhé
56%
Zubné
56%
Baškovce
44%
Chlmec
44%
Jabloň
44%
Karná
44%
Modra nad Cirochou
44%
Nechválova Polianka
44%
Nižná Jablonka
44%
Porúbka
44%
Rokytov pri Humennom
44%
Slovenská Volová
44%
Turcovce
44%
Vyšná Jablonka
44%
Černina
33%
Maškovce
33%
Slovenské Krivé
22%
No matching quizzes found
Score Distribution
Percent of People with Each Score
Percentile by Number Answered
Your Score History
You have not taken this quiz